[Event "I Festival Scacchisti.It A"]
[Site "Acqui"]
[Date "2012.07.24"]
[Round "2"]
[White "Aghayev, Miragha"]
[Black "Tratar, Marko"]
[Result "0-1"]
[WhiteElo "2185"]
[BlackElo "2495"]
[PlyCount "88"]
[EventDate "2012.07.23"]
[EventType "swiss"]
[EventRounds "9"]
[EventCountry "ITA"]
[SourceDate "2005.09.12"]

1. e4 e6 2. d4 d5 3. Nd2 Be7 4. Ngf3 Nf6 5. Bd3 c5 6. exd5 Qxd5 7. dxc5 Qxc5 8.
O-O Nbd7 9. Qe2 O-O 10. Nb3 Qc7 11. c3 b6 12. Ba6 Bb7 13. Bxb7 Qxb7 14. Bf4
Rfe8 15. Ne5 Nd5 16. Qf3 Qc7 17. Nd3 Nxf4 18. Qxf4 Qxf4 19. Nxf4 Ne5 20. Rad1
Nc4 21. Nd3 Red8 22. Nd4 Bf6 23. b3 Bxd4 24. cxd4 Na3 25. Nf4 Rac8 26. Rc1 Rc2
27. Rxc2 Nxc2 28. Ne2 Nxd4 29. Nxd4 Rxd4 30. Rc1 g5 31. Kf1 Rd2 32. a4 Rd4 33.
Ke2 Rb4 34. Rc3 a5 35. Ke3 Kg7 36. f3 h5 37. g3 e5 38. Rd3 g4 39. f4 exf4+ 40.
gxf4 Kg6 41. Rd6+ f6 42. Rd3 h4 43. Rc3 Kf5 44. Rd3 Re4+ 0-1

[Event "I Festival Scacchisti.It A"]
[Site "Acqui"]
[Date "2012.07.24"]
[Round "2"]
[White "Collutiis, Duilio"]
[Black "Bentivegna, Francesco"]
[Result "0-1"]
[WhiteElo "2508"]
[BlackElo "2299"]
[PlyCount "66"]
[EventDate "2012.07.23"]
[EventType "swiss"]
[EventRounds "9"]
[EventCountry "ITA"]
[SourceDate "2005.09.12"]

1. c4 e5 2. g3 c6 3. d4 e4 4. Nc3 d5 5. Bg2 h6 6. Bf4 Nf6 7. cxd5 cxd5 8. f3
exf3 9. exf3 Nc6 10. Nge2 Be7 11. O-O O-O 12. Qd2 Bf5 13. g4 Bh7 14. h3 Re8 15.
Kh1 Bb4 16. a3 Bf8 17. b4 Rc8 18. Rfe1 Qd7 19. Ng3 Rxe1+ 20. Rxe1 a5 21. Na4
axb4 22. Nb6 Qd8 23. Nxc8 bxa3 24. Nd6 Bxd6 25. Bxd6 Qxd6 26. Nh5 Qb4 27. Nxf6+
gxf6 28. Re8+ Kg7 29. Qa2 Qb1+ 30. Qxb1 Bxb1 31. Ra8 a2 32. f4 b6 33. Ra4 Nb4
0-1

[Event "I Festival Scacchisti.It A"]
[Site "Acqui"]
[Date "2012.07.24"]
[Round "2"]
[White "Drazic, Sinisa"]
[Black "Contin, Daniel"]
[Result "0-1"]
[WhiteElo "2532"]
[BlackElo "2346"]
[PlyCount "77"]
[EventDate "2012.07.23"]
[EventType "swiss"]
[EventRounds "9"]
[EventCountry "ITA"]
[SourceDate "2005.09.12"]

1. d4 e6 2. Nf3 Nf6 3. c4 b6 4. a3 Ba6 5. b3 d5 6. Nbd2 Be7 7. Qc2 c5 8. Bb2
Nc6 9. e3 Rc8 10. dxc5 bxc5 11. cxd5 Bxf1 12. Kxf1 exd5 13. Rc1 Qb6 14. g3 Qb7
15. Qf5 O-O 16. Bxf6 Bxf6 17. Rxc5 Ne7 18. Qc2 Qa6+ 19. Kg2 Qxa3 20. Rc1 g6 21.
Nd4 Bxd4 22. exd4 Qb4 23. Nf3 Rb8 24. Qe2 Rfe8 25. Qa6 Qxb3 26. Qxa7 Rb7 27.
Qa5 Nf5 28. g4 Re4 29. h3 Nxd4 30. Nd2 Qb2 31. Nxe4 dxe4 32. Rc8+ Kg7 33. Qe5+
Kh6 34. Qf4+ Kg7 35. Qe5+ Kh6 36. g5+ Kh5 37. Qxe4 Kxg5 38. R1c5+ Kh6 39. Rg8
0-1

[Event "I Festival Scacchisti.It A"]
[Site "Acqui"]
[Date "2012.07.24"]
[Round "2"]
[White "Gallucci, Alessio"]
[Black "Rombaldoni, Denis"]
[Result "0-1"]
[WhiteElo "2245"]
[BlackElo "2529"]
[PlyCount "44"]
[EventDate "2012.07.23"]
[EventType "swiss"]
[EventRounds "9"]
[EventCountry "ITA"]
[SourceDate "2005.09.12"]

1. e4 c5 2. a3 Nc6 3. b4 Nf6 4. b5 Nd4 5. c3 Ne6 6. e5 Nd5 7. Qb3 Nb6 8. Nf3
Qc7 9. c4 g5 10. h3 Nd4 11. Nxd4 cxd4 12. Qg3 Nxc4 13. e6 Qe5+ 14. Qxe5 Nxe5
15. exf7+ Nxf7 16. Be2 Bg7 17. d3 O-O 18. h4 gxh4 19. Rxh4 d5 20. Bf3 e6 21.
Bb2 Ne5 22. Bxd4 Rxf3 0-1

[Event "I Festival Scacchisti.It A"]
[Site "Acqui"]
[Date "2012.07.24"]
[Round "2"]
[White "Sedina, Elena"]
[Black "Sanchez, Joseph"]
[Result "0-1"]
[WhiteElo "2338"]
[BlackElo "2541"]
[PlyCount "170"]
[EventDate "2012.07.23"]
[EventType "swiss"]
[EventRounds "9"]
[EventCountry "ITA"]
[SourceDate "2005.09.12"]

1. e4 d5 2. exd5 Qxd5 3. Nc3 Qa5 4. d4 Nf6 5. Bc4 c6 6. Bd2 Bf5 7. Qe2 Qc7 8.
Nf3 e6 9. Ne5 Nbd7 10. Nxd7 Kxd7 11. O-O-O Rd8 12. f3 Kc8 13. Bg5 Rd7 14. Kb1
Qb6 15. Be3 Qc7 16. Bg5 Be7 17. g3 Rhd8 18. Bf4 Bd6 19. Be3 Bb4 20. Ne4 Nd5 21.
Bg5 f6 22. Bc1 e5 23. dxe5 Qxe5 24. Bd3 Bg6 25. Qf2 Nb6 26. a3 Be7 27. Bf4 Qa5
28. Bd2 Qe5 29. Bf4 Qd5 30. Nc3 Qa5 31. Bxg6 hxg6 32. Rxd7 Rxd7 33. Rd1 Na4 34.
Rxd7 Nxc3+ 35. bxc3 Kxd7 36. Qd4+ Ke6 37. Qc4+ Qd5 38. Qe2+ Kf7 39. a4 g5 40.
Bb8 Qc5 41. Qd3 Qg1+ 42. Kb2 Qc5 43. Qd4 a6 44. Ba7 Qa3+ 45. Kb1 b5 46. axb5
axb5 47. Bb6 g6 48. h4 gxh4 49. Qxh4 Qxc3 50. Qh7+ Ke6 51. Qxg6 Qxf3 52. Qg8+
Kd7 53. Qb8 Qd5 54. Qc7+ Ke6 55. Qc8+ Kf7 56. Qh8 Bf8 57. Qh7+ Bg7 58. Be3 b4
59. g4 Qd1+ 60. Bc1 Qxg4 61. Qh1 Qe6 62. Qh5+ Kg8 63. Bd2 b3 64. cxb3 Qxb3+ 65.
Kc1 Qc4+ 66. Kd1 Qd5 67. Qe8+ Kh7 68. Qe2 Qe5 69. Qf3 c5 70. Qh3+ Kg8 71. Qc8+
Bf8 72. Qg4+ Kf7 73. Kc2 f5 74. Qh5+ Ke6 75. Qe8+ Be7 76. Bc3 Qe2+ 77. Kc1 Qe3+
78. Kc2 Qe4+ 79. Kd2 f4 80. Qg8+ Kd7 81. Qg4+ Kd6 82. Qc8 f3 83. Qb8+ Ke6 84.
Qb3+ Kf5 85. Qf7+ Kg4 0-1

[Event "I Festival Scacchisti.It A"]
[Site "Acqui"]
[Date "2012.07.25"]
[Round "3"]
[White "Bentivegna, Francesco"]
[Black "Kachiani-Gersinska, Ketino"]
[Result "0-1"]
[WhiteElo "2299"]
[BlackElo "2357"]
[PlyCount "126"]
[EventDate "2012.07.23"]
[EventType "swiss"]
[EventRounds "9"]
[EventCountry "ITA"]
[SourceDate "2005.09.12"]

1. e4 c6 2. Nc3 d5 3. Nf3 Bg4 4. h3 Bxf3 5. Qxf3 e6 6. d3 Nf6 7. Bd2 Bc5 8. g4
Na6 9. a3 Bd4 10. O-O-O Qb6 11. g5 Nd7 12. h4 Bxc3 13. Bxc3 d4 14. Bd2 Nac5 15.
Bh3 a5 16. h5 Na4 17. b3 Qc5 18. Rdg1 Qxa3+ 19. Kd1 Qa1+ 20. Ke2 Nc3+ 21. Bxc3
Qxc3 22. g6 Qxc2+ 23. Kf1 fxg6 24. Bxe6 Ne5 25. Qe2 Qc1+ 26. Kg2 Qg5+ 27. Kf1
Qf6 28. Bh3 gxh5 29. Qxh5+ g6 30. Qe2 Rf8 31. Rg3 a4 32. bxa4 Rxa4 33. Kg2 h5
34. Rf1 h4 35. Rg4 Ra3 36. f4 Nxd3 37. Kh1 Nxf4 38. Rfxf4 Rxh3+ 39. Kg2 Rg3+
40. Kh1 Qxf4 41. Rxf4 Rxf4 42. Qc4 Rh3+ 43. Kg2 Rg3+ 44. Kh1 Rxe4 45. Qg8+ Kd7
46. Qg7+ Kd6 47. Qxb7 Re1+ 48. Kh2 Re2+ 49. Kh1 Re1+ 50. Kh2 Re2+ 51. Kh1 Rc3
52. Qb8+ Kd5 53. Qg8+ Kc5 54. Qf8+ Kb5 55. Qf1 d3 56. Qb1+ Kc4 57. Qf1 g5 58.
Qf7+ Kb4 59. Qb7+ Ka3 60. Qa6+ Kb2 61. Qb6+ Kc2 62. Qa6 Kb1 63. Qb6+ Rb2 0-1

[Event "I Festival Scacchisti.It A"]
[Site "Acqui"]
[Date "2012.07.25"]
[Round "3"]
[White "Contin, Daniel"]
[Black "Ortega, Lexy"]
[Result "1/2-1/2"]
[WhiteElo "2346"]
[BlackElo "2484"]
[PlyCount "26"]
[EventDate "2012.07.23"]
[EventType "swiss"]
[EventRounds "9"]
[EventCountry "ITA"]
[SourceDate "2005.09.12"]

1. e4 c6 2. d4 d5 3. Nd2 dxe4 4. Nxe4 Bf5 5. Ng3 Bg6 6. Nf3 Nd7 7. h4 h6 8. h5
Bh7 9. Bd3 Bxd3 10. Qxd3 e6 11. Bf4 Qa5+ 12. Bd2 Qc7 13. O-O-O Nb8 1/2-1/2

[Event "I Festival Scacchisti.It A"]
[Site "Acqui"]
[Date "2012.07.25"]
[Round "3"]
[White "Rombaldoni, Denis"]
[Black "Laketic, Gojko"]
[Result "0-1"]
[WhiteElo "2529"]
[BlackElo "2440"]
[PlyCount "72"]
[EventDate "2012.07.23"]
[EventType "swiss"]
[EventRounds "9"]
[EventCountry "ITA"]
[SourceDate "2005.09.12"]

1. d4 d5 2. Nf3 Nf6 3. e3 c5 4. b3 cxd4 5. exd4 Bg4 6. h3 Bxf3 7. Qxf3 Nc6 8.
c3 g6 9. Bd3 Bg7 10. Qe2 Rc8 11. Nd2 Qc7 12. O-O O-O 13. Nf3 Nh5 14. Re1 Nf4
15. Bxf4 Qxf4 16. Rad1 e6 17. g3 Qd6 18. h4 Rc7 19. h5 Rfc8 20. Qd2 Qf8 21. Be2
Bh6 22. Qb2 Na5 23. Rd3 b5 24. a3 Nb7 25. Ne5 Nd6 26. Rf3 Qg7 27. hxg6 hxg6 28.
Kg2 Ne4 29. Bxb5 Bd2 30. Rh1 Bxc3 31. Qe2 Bxd4 32. Ng4 Rc2 33. Qe1 f5 34. Nh6+
Kf8 35. Bd3 Bxf2 36. Qf1 Bxg3+ 0-1

[Event "I Festival Scacchisti.It A"]
[Site "Acqui"]
[Date "2012.07.25"]
[Round "3"]
[White "Sanchez, Joseph"]
[Black "Djuric, Stefan"]
[Result "1-0"]
[WhiteElo "2541"]
[BlackElo "2442"]
[PlyCount "129"]
[EventDate "2012.07.23"]
[EventType "swiss"]
[EventRounds "9"]
[EventCountry "ITA"]
[SourceDate "2005.09.12"]

1. e4 e5 2. Nf3 Nc6 3. d4 exd4 4. Nxd4 d6 5. Nc3 Nf6 6. Bb5 Bd7 7. Bxc6 bxc6 8.
O-O Be7 9. Qf3 O-O 10. Bf4 c5 11. Nf5 Bxf5 12. exf5 Rb8 13. b3 Qd7 14. Rfe1
Rfe8 15. g4 h6 16. h3 Bf8 17. Kg2 Rxe1 18. Rxe1 d5 19. Rd1 d4 20. Be5 Qe7 21.
Bxf6 Qxf6 22. Ne4 Qe5 23. Re1 c4 24. g5 hxg5 25. Nxg5 Qf6 26. h4 c3 27. Re4 Bd6
28. Rg4 Qe5 29. Re4 Qf6 30. Qh5 Qxf5 31. Rxd4 Rf8 32. Rd3 f6 33. Rf3 Qxc2 34.
Rxc3 Qb1 35. Nf3 Qe4 36. Re3 Qc6 37. Qg6 Bf4 38. Re4 Bh6 39. Nd4 Qd5 40. f3 f5
41. Qe6+ Qxe6 42. Rxe6 Bf4 43. h5 Kh7 44. Kh3 Bd6 45. Kh4 a5 46. Kg5 f4 47. Nf5
Ba3 48. h6 gxh6+ 49. Rxh6+ Kg8 50. Kg6 Re8 51. Ng7 Re2 52. Nh5 Rg2+ 53. Kf5 Be7
54. Rg6+ Rxg6 55. Kxg6 Bd6 56. Kf5 Kf7 57. Nxf4 a4 58. bxa4 Ke7 59. Nd3 Kd7 60.
Ne5+ Kc8 61. Ke6 Kb7 62. f4 Bb4 63. f5 Kb6 64. f6 c6 65. a3 1-0

[Event "I Festival Scacchisti.It A"]
[Site "Acqui"]
[Date "2012.07.25"]
[Round "3"]
[White "Tratar, Marko"]
[Black "Bernal Moro, Luis Javier"]
[Result "1/2-1/2"]
[WhiteElo "2495"]
[BlackElo "2422"]
[PlyCount "99"]
[EventDate "2012.07.23"]
[EventType "swiss"]
[EventRounds "9"]
[EventCountry "ITA"]
[SourceDate "2005.09.12"]

1. d4 Nf6 2. Nf3 g6 3. c4 Bg7 4. Nc3 O-O 5. e4 d6 6. Be2 e5 7. O-O c6 8. d5 a5
9. Be3 Ng4 10. Bg5 f6 11. Bh4 Na6 12. Nd2 h5 13. a3 c5 14. Re1 Nh6 15. h3 Nf7
16. Nf1 Bh6 17. Bd3 Bg5 18. Bg3 h4 19. Bh2 Kg7 20. Ne3 Bf4 21. Kh1 Ng5 22. Nf1
f5 23. exf5 Bxh2 24. Nxh2 Bxf5 25. Bxf5 Rxf5 26. Ng4 Rf4 27. Qb3 Rb8 28. Re3
Nc7 29. Rae1 a4 30. Nxa4 b5 31. cxb5 Nxb5 32. Qd1 Nd4 33. f3 Qg8 34. b4 cxb4
35. axb4 Qxd5 36. Nc3 Qc6 37. Ne2 Nxe2 38. Qxe2 Nf7 39. Re4 Rxb4 40. Rxb4 Rxb4
41. Qf2 g5 42. Qd2 Rd4 43. Qa2 Rc4 44. Qa7 Rc1 45. Rxc1 Qxc1+ 46. Kh2 Qf4+ 47.
Kh1 Qc1+ 48. Kh2 Qf4+ 49. Kh1 d5 50. Qd7 1/2-1/2

[Event "I Festival Scacchisti.It A"]
[Site "Acqui"]
[Date "2012.07.25"]
[Round "4"]
[White "Bernal Moro, Luis Javier"]
[Black "Contin, Daniel"]
[Result "1/2-1/2"]
[WhiteElo "2422"]
[BlackElo "2346"]
[PlyCount "118"]
[EventDate "2012.07.23"]
[EventType "swiss"]
[EventRounds "9"]
[EventCountry "ITA"]
[SourceDate "2005.09.12"]

1. Nf3 Nf6 2. c4 c5 3. Nc3 g6 4. e4 Nc6 5. d4 cxd4 6. Nxd4 d6 7. Nc2 Bg7 8. Be2
O-O 9. O-O Nd7 10. Bd2 Nc5 11. b4 Bxc3 12. Bxc3 Nxe4 13. Bb2 Qb6 14. b5 Ne5 15.
Ne3 Be6 16. Bd4 Qc7 17. f3 Nf6 18. Rc1 Ned7 19. g4 Nc5 20. f4 Nfe4 21. f5 Bd7
22. Nd5 Qd8 23. f6 e5 24. Bxc5 dxc5 25. Qe1 Be6 26. Ne7+ Kh8 27. Rd1 Qe8 28.
Qh4 Nc3 29. Rde1 Qd7 30. Qh6 Rg8 31. Nxg8 Qd4+ 32. Kg2 Rxg8 33. Rd1 Nxd1 34.
Rxd1 Qe4+ 35. Bf3 Qf4 36. Qxf4 exf4 37. Bxb7 Bxc4 38. a4 Bb3 39. Rc1 c4 40. a5
Rd8 41. a6 Rd6 42. g5 h6 43. h4 Ba4 44. Rxc4 Bxb5 45. Rxf4 hxg5 46. hxg5 Bxa6
47. Bxa6 Rxa6 48. Kg3 Ra5 49. Kg4 Rc5 50. Re4 Rc8 51. Re7 Ra8 52. Rxf7 a5 53.
Rg7 a4 54. Rxg6 a3 55. Rh6+ Kg8 56. Rh1 a2 57. Ra1 Kf7 58. Kf5 Ra5+ 59. Ke4
Rxg5 1/2-1/2

[Event "I Festival Scacchisti.It A"]
[Site "Acqui"]
[Date "2012.07.25"]
[Round "4"]
[White "Drazic, Sinisa"]
[Black "Poecksteiner, Johann"]
[Result "1-0"]
[WhiteElo "2532"]
[BlackElo "2187"]
[PlyCount "59"]
[EventDate "2012.07.23"]
[EventType "swiss"]
[EventRounds "9"]
[EventCountry "ITA"]
[SourceDate "2005.09.12"]

1. d4 c5 2. dxc5 e6 3. Nd2 Bxc5 4. Ne4 d5 5. Nxc5 Qa5+ 6. c3 Qxc5 7. e4 dxe4 8.
Qa4+ Bd7 9. Qxe4 Bc6 10. Qg4 Nf6 11. Qg3 Ne4 12. Qe3 Qxe3+ 13. Bxe3 Nd7 14. f3
Nef6 15. Ne2 e5 16. c4 b6 17. Nc3 e4 18. Be2 exf3 19. gxf3 O-O 20. Kf2 Rfe8 21.
Rhd1 Re6 22. Rd2 Rae8 23. Bd4 Nh5 24. Rg1 g6 25. Rgd1 Nf4 26. Bf1 Ne5 27. Ne2
Ned3+ 28. Rxd3 Nxe2 29. Be3 Ng1 30. Bg2 1-0

[Event "I Festival Scacchisti.It A"]
[Site "Acqui"]
[Date "2012.07.25"]
[Round "4"]
[White "Kachiani-Gersinska, Ketino"]
[Black "Rombaldoni, Denis"]
[Result "1-0"]
[WhiteElo "2357"]
[BlackElo "2529"]
[PlyCount "127"]
[EventDate "2012.07.23"]
[EventType "swiss"]
[EventRounds "9"]
[EventCountry "ITA"]
[SourceDate "2005.09.12"]

1. d4 d5 2. c4 c6 3. Nf3 Nf6 4. e3 g6 5. Nc3 Bg7 6. Be2 O-O 7. O-O Nbd7 8. b3
Ne4 9. Bb2 Nxc3 10. Bxc3 dxc4 11. bxc4 c5 12. Qb3 cxd4 13. exd4 b6 14. Rfe1 Re8
15. Rad1 Qc7 16. Ng5 h6 17. Bf3 Rb8 18. Nxf7 Kxf7 19. c5+ e6 20. c6 Nf8 21. d5
Rd8 22. Bxg7 Kxg7 23. d6 Rxd6 24. Qc3+ Kg8 25. Rxd6 Qxd6 26. c7 Rb7 27. Rc1 Nd7
28. Bxb7 Bxb7 29. c8=Q+ Bxc8 30. Qxc8+ Kf7 31. h3 Nc5 32. Qh8 Qd2 33. Rc3 Ke7
34. Rf3 Qxa2 35. Qf6+ Kd6 36. Qxg6 Qa1+ 37. Kh2 Qe5+ 38. g3 Qe4 39. Qh5 Qd5 40.
Qf7 a5 41. Qf8+ Kc6 42. Rf7 Kb5 43. Qxh6 a4 44. Qe3 Qd3 45. h4 a3 46. Qxd3+
Nxd3 47. Ra7 Kb4 48. f4 Nc5 49. h5 Na4 50. Rd7 Nb2 51. h6 a2 52. h7 a1=Q 53.
h8=Q Qc1 54. Qd4+ Nc4 55. Qd3 b5 56. Qe2 Ne3 57. Rd4+ Kc5 58. Re4 Nd5 59. Rxe6
b4 60. Qf2+ Kb5 61. Re5 Kc6 62. Qg2 Qc5 63. Qa2 Qb5 64. Qa8+ 1-0

[Event "I Festival Scacchisti.It A"]
[Site "Acqui"]
[Date "2012.07.25"]
[Round "4"]
[White "Laketic, Gojko"]
[Black "Sanchez, Joseph"]
[Result "1/2-1/2"]
[WhiteElo "2440"]
[BlackElo "2541"]
[PlyCount "20"]
[EventDate "2012.07.23"]
[EventType "swiss"]
[EventRounds "9"]
[EventCountry "ITA"]
[SourceDate "2005.09.12"]

1. e4 e5 2. Nf3 Nc6 3. Bb5 a6 4. Bxc6 dxc6 5. d4 exd4 6. Qxd4 Qxd4 7. Nxd4 Bd7
8. Nc3 Bb4 9. Nde2 Nf6 10. f3 Bxc3+ 1/2-1/2

[Event "I Festival Scacchisti.It A"]
[Site "Acqui"]
[Date "2012.07.25"]
[Round "4"]
[White "Ortega, Lexy"]
[Black "Tratar, Marko"]
[Result "1-0"]
[WhiteElo "2484"]
[BlackElo "2495"]
[PlyCount "47"]
[EventDate "2012.07.23"]
[EventType "swiss"]
[EventRounds "9"]
[EventCountry "ITA"]
[SourceDate "2005.09.12"]

1. Nf3 Nf6 2. c4 e6 3. g3 a6 4. Nc3 d5 5. d4 dxc4 6. Bg2 b5 7. Ne5 c6 8. Nxc6
Qb6 9. Ne5 Bb7 10. e4 Nc6 11. Be3 Rd8 12. Nxc6 Bxc6 13. O-O Qb7 14. d5 exd5 15.
exd5 Nxd5 16. Nxd5 Bxd5 17. Bg5 f6 18. Bxf6 gxf6 19. Re1+ Be7 20. Qh5+ Bf7 21.
Qh6 Bd5 22. Rad1 Bf3 23. Bxf3 Qxf3 24. Qg7 1-0

[Event "I Festival Scacchisti.It A"]
[Site "Acqui"]
[Date "2012.07.26"]
[Round "5"]
[White "Bentivegna, Francesco"]
[Black "Drazic, Sinisa"]
[Result "0-1"]
[WhiteElo "2299"]
[BlackElo "2532"]
[PlyCount "110"]
[EventDate "2012.07.23"]
[EventType "swiss"]
[EventRounds "9"]
[EventCountry "ITA"]
[SourceDate "2005.09.12"]

1. e4 e5 2. Nf3 Nc6 3. Bc4 Be7 4. d4 d6 5. h3 Nxd4 6. Nxd4 exd4 7. Qxd4 Bf6 8.
Qd1 Ne7 9. O-O O-O 10. Nd2 c6 11. c3 d5 12. Bd3 g6 13. Nf3 dxe4 14. Bxe4 Bf5
15. Bxf5 Nxf5 16. Bf4 Re8 17. Qxd8 Raxd8 18. Rfe1 Rxe1+ 19. Rxe1 Ng7 20. Be5
Bxe5 21. Rxe5 Ne6 22. Re2 Rd1+ 23. Re1 Rxe1+ 24. Nxe1 Nf4 25. Kf1 g5 26. g3
Nxh3 27. Kg2 g4 28. f4 h5 29. Nd3 Kg7 30. a4 Kf6 31. a5 Kf5 32. Ne5 f6 33. a6
bxa6 34. Nxc6 h4 35. Nd4+ Ke4 36. f5 hxg3 37. Kxg3 a5 38. Kxg4 Nf4 39. Nc6 a4
40. Nxa7 Nd3 41. Nb5 Nxb2 42. c4 Ke5 43. c5 Kd5 44. Kh5 Kxc5 45. Nc3 Kd4 46.
Nb5+ Ke5 47. Kg6 Nc4 48. Na7 a3 49. Nc6+ Kd6 50. Nb4 Nb6 51. Kxf6 Nd5+ 52. Kg7
Nxb4 53. f6 a2 54. f7 a1=Q+ 55. Kg8 Qg1+ 0-1

[Event "I Festival Scacchisti.It A"]
[Site "Acqui"]
[Date "2012.07.26"]
[Round "5"]
[White "Contin, Daniel"]
[Black "Collutiis, Duilio"]
[Result "0-1"]
[WhiteElo "2346"]
[BlackElo "2508"]
[PlyCount "102"]
[EventDate "2012.07.23"]
[EventType "swiss"]
[EventRounds "9"]
[EventCountry "ITA"]
[SourceDate "2005.09.12"]

1. c4 Nf6 2. Nc3 c6 3. e4 e5 4. Nf3 d6 5. d4 Nbd7 6. g3 g6 7. Bg2 Bg7 8. O-O
O-O 9. h3 exd4 10. Nxd4 Qb6 11. Nc2 Ne5 12. b3 Ne8 13. Rb1 Qa5 14. Ne2 f5 15.
f4 Nf7 16. e5 dxe5 17. Ba3 Be6 18. fxe5 Rd8 19. Qe1 Qb6+ 20. Kh2 Nxe5 21. Nf4
Nc7 22. Bb4 Qa6 23. Bc3 Bf7 24. Nb4 Qa3 25. Bxe5 Rfe8 26. Nfd3 Bxe5 27. Nxe5 a5
28. Nc2 Qc5 29. Nxf7 Rxe1 30. Nxd8 Re2 31. Rbc1 Qd6 32. Nxb7 Qd2 33. Rg1 Rxg2+
34. Rxg2 Qxc1 35. Nxa5 Ne6 36. Nxc6 Ng5 37. N2d4 f4 38. Ne7+ Kf7 39. Nec6 Kg8
40. Ne5 Qe3 41. Ndf3 Nxf3+ 42. Nxf3 Qxf3 43. gxf4 Qxf4+ 44. Kg1 g5 45. Rg4 Qe3+
46. Kh2 h5 47. Rg2 Kf7 48. b4 Qf4+ 49. Kg1 Qxc4 50. a3 Kg6 51. Rf2 Qb3 0-1

[Event "I Festival Scacchisti.It A"]
[Site "Acqui"]
[Date "2012.07.26"]
[Round "5"]
[White "Djuric, Stefan"]
[Black "Aghayev, Miragha"]
[Result "1/2-1/2"]
[WhiteElo "2442"]
[BlackElo "2185"]
[PlyCount "103"]
[EventDate "2012.07.23"]
[EventType "swiss"]
[EventRounds "9"]
[EventCountry "ITA"]
[SourceDate "2005.09.12"]

1. Nf3 Nf6 2. d4 g6 3. g3 Bg7 4. Bg2 O-O 5. O-O d5 6. c4 dxc4 7. Na3 Nc6 8. e3
Be6 9. Qe2 Bd5 10. Nxc4 Ne4 11. Rd1 Qd7 12. Bd2 h6 13. Rac1 Qe6 14. Be1 Rfd8
15. b3 a5 16. a4 g5 17. h4 f5 18. Qc2 Bf6 19. hxg5 hxg5 20. Nfe5 Bxe5 21. dxe5
Bxc4 22. bxc4 Qxe5 23. g4 e6 24. Qb1 Rxd1 25. Rxd1 Rd8 26. gxf5 exf5 27. Rd5
Rxd5 28. cxd5 Qxd5 29. Qxb7 Qd1 30. Bxe4 Qxe1+ 31. Kg2 fxe4 32. Qxc6 Qb4 33.
Qe8+ Kg7 34. Qe5+ Kf8 35. Qxc7 Qxa4 36. Qd8+ Kf7 37. Qd5+ Ke8 38. Qe6+ Kd8 39.
Qg8+ Kc7 40. Qg7+ Kb6 41. Qxg5 Qc6 42. Qd8+ Kb5 43. Qb8+ Kc4 44. Qb2 a4 45.
Qa2+ Kd3 46. Qa3+ Kd2 47. Qb4+ Kc2 48. Kg3 Kd3 49. Qd4+ Ke2 50. Qb2+ Kd3 51.
Qd4+ Kc2 52. Qb4 1/2-1/2

[Event "I Festival Scacchisti.It A"]
[Site "Acqui"]
[Date "2012.07.26"]
[Round "5"]
[White "Laketic, Gojko"]
[Black "Ortega, Lexy"]
[Result "1/2-1/2"]
[WhiteElo "2440"]
[BlackElo "2484"]
[PlyCount "26"]
[EventDate "2012.07.23"]
[EventType "swiss"]
[EventRounds "9"]
[EventCountry "ITA"]
[SourceDate "2005.09.12"]

1. d4 Nf6 2. c4 e6 3. Nf3 d5 4. Nc3 dxc4 5. e3 a6 6. a4 Nc6 7. Bxc4 Bd6 8. e4
e5 9. dxe5 Nxe5 10. Nxe5 Bxe5 11. Qxd8+ Kxd8 12. Bxf7 Nxe4 13. O-O Bf5 1/2-1/2

[Event "I Festival Scacchisti.It A"]
[Site "Acqui"]
[Date "2012.07.26"]
[Round "5"]
[White "Sanchez, Joseph"]
[Black "Kachiani-Gersinska, Ketino"]
[Result "1-0"]
[WhiteElo "2541"]
[BlackElo "2357"]
[PlyCount "69"]
[EventDate "2012.07.23"]
[EventType "swiss"]
[EventRounds "9"]
[EventCountry "ITA"]
[SourceDate "2005.09.12"]

1. e4 c6 2. d4 d5 3. e5 Bf5 4. h4 h6 5. g4 Bd7 6. Be3 Qb6 7. Nd2 h5 8. gxh5
Qxb2 9. Rb1 Qxa2 10. Ra1 Qb2 11. Nb3 Bf5 12. Bd3 Qc3+ 13. Bd2 Qxb3 14. cxb3
Bxd3 15. h6 gxh6 16. Bxh6 Be4 17. Bxf8 Bxh1 18. Qg4 Nd7 19. Bg7 Rh7 20. f3
O-O-O 21. Rxa7 Kb8 22. Ra2 Kc7 23. e6 fxe6 24. Qf4+ Kb6 25. Qd2 Kc7 26. Qh2+ e5
27. Bxe5+ Nxe5 28. Qxe5+ Rd6 29. Rh2 Nh6 30. Rxh1 Rf7 31. Rh2 Kd7 32. Re2 Nf5
33. Nh3 Nxh4 34. Ng5 Ng6 35. Qxd6+ 1-0

[Event "I Festival Scacchisti.It A"]
[Site "Acqui"]
[Date "2012.07.27"]
[Round "6"]
[White "Drazic, Sinisa"]
[Black "Sanchez, Joseph"]
[Result "1-0"]
[WhiteElo "2532"]
[BlackElo "2541"]
[PlyCount "83"]
[EventDate "2012.07.23"]
[EventType "swiss"]
[EventRounds "9"]
[EventCountry "ITA"]
[SourceDate "2005.09.12"]

1. e4 d5 2. exd5 Qxd5 3. Nc3 Qa5 4. g3 Nf6 5. Bg2 Bg4 6. Nge2 Nc6 7. h3 Bh5 8.
O-O e5 9. d3 Bb4 10. g4 Bg6 11. g5 Bxc3 12. Nxc3 Bh5 13. Qe1 Nd7 14. f4 O-O-O
15. Qh4 g6 16. Qf2 h6 17. gxh6 f5 18. a3 Rde8 19. Bd2 exf4 20. b4 Qb6 21. Bxf4
Qxf2+ 22. Rxf2 Nd4 23. Kf1 Ne6 24. Bd2 Nd8 25. Bd5 c6 26. Bb3 Ne5 27. Ne2 Nf3
28. Bf4 g5 29. Ng3 gxf4 30. Nxh5 Re3 31. Nxf4 Ng5 32. Re1 Rxe1+ 33. Kxe1 Rxh6
34. Rg2 Nf3+ 35. Kf2 Nd4 36. Rg7 c5 37. bxc5 N8c6 38. Kg3 Ne5 39. h4 Ng4 40.
Bd5 b6 41. c3 Nc2 42. c6 1-0

[Event "I Festival Scacchisti.It A"]
[Site "Acqui"]
[Date "2012.07.27"]
[Round "6"]
[White "Kachiani-Gersinska, Ketino"]
[Black "Aghayev, Miragha"]
[Result "1-0"]
[WhiteElo "2357"]
[BlackElo "2185"]
[PlyCount "95"]
[EventDate "2012.07.23"]
[EventType "swiss"]
[EventRounds "9"]
[EventCountry "ITA"]
[SourceDate "2005.09.12"]

1. d4 Nf6 2. c4 g6 3. Nc3 d5 4. cxd5 Nxd5 5. e4 Nxc3 6. bxc3 Bg7 7. Be3 c5 8.
Qd2 Qa5 9. Rc1 cxd4 10. cxd4 Qxd2+ 11. Kxd2 O-O 12. Bd3 Rd8 13. Ne2 Nc6 14. d5
Ne5 15. Bb5 e6 16. Bc5 Bd7 17. Bxd7 Rxd7 18. f4 Ng4 19. Rhd1 b6 20. Bg1 exd5
21. e5 Bf8 22. h3 Nh6 23. g4 Kg7 24. Bd4 Kg8 25. Rc6 Bb4+ 26. Kd3 Kf8 27. f5
Ng8 28. f6 g5 29. Ng3 Ke8 30. Rdc1 Kd8 31. Nf5 Bf8 32. a4 Rb7 33. Be3 h6 34.
Bd4 Rab8 35. h4 gxh4 36. Nxh4 Kd7 37. Nf5 Bc5 38. Bxc5 Kxc6 39. Bd6+ Kd7 40.
Bxb8 Rxb8 41. Kd4 b5 42. axb5 Rxb5 43. Nd6 Rb4+ 44. Kxd5 Rf4 45. Ra1 Nxf6+ 46.
exf6 Rxf6 47. Rxa7+ Kd8 48. Ke4 1-0

[Event "I Festival Scacchisti.It A"]
[Site "Acqui"]
[Date "2012.07.27"]
[Round "6"]
[White "Tratar, Marko"]
[Black "Djuric, Stefan"]
[Result "1/2-1/2"]
[WhiteElo "2495"]
[BlackElo "2442"]
[PlyCount "108"]
[EventDate "2012.07.23"]
[EventType "swiss"]
[EventRounds "9"]
[EventCountry "ITA"]
[SourceDate "2005.09.12"]

1. d4 Nf6 2. c4 g6 3. Nc3 Bg7 4. e4 O-O 5. Nf3 d6 6. Be2 e5 7. O-O Nbd7 8. Be3
h6 9. d5 Ng4 10. Bd2 a5 11. Ne1 Ngf6 12. Nd3 c6 13. Be3 Nb6 14. b3 c5 15. Rb1
Bd7 16. Qd2 Kh7 17. f4 exf4 18. Bxf4 Ne8 19. Rbe1 a4 20. e5 axb3 21. axb3 Bf5
22. exd6 Bxd3 23. Bxd3 Nxd6 24. Ne4 Nxe4 25. Rxe4 Nd7 26. Bd6 Nf6 27. Bxf8 Nxe4
28. Bxe4 Bd4+ 29. Kh1 Qxf8 30. d6 Rd8 31. Bxb7 Rxd6 32. Bd5 Rf6 33. Rxf6 Bxf6
34. Qe3 Kg7 35. g3 Bd4 36. Qe4 Bf6 37. Kg2 h5 38. Qf4 Qe7 39. Qe4 Qd7 40. Qf3
h4 41. Qe4 h3+ 42. Kf3 Bd4 43. Qg4 Qe7 44. Qe4 Qg5 45. Qf4 Qe7 46. Qe4 Qg5 47.
Qf4 Qe7 48. Qe4 Be5 49. Qh4 Qd7 50. Qg4 Qe7 51. Qf4 Bd4 52. Qe4 Qd7 53. Qg4 Qe7
54. Qxh3 Qe3+ 1/2-1/2